| 000 | 00374nam a22001457a 4500 | ||
|---|---|---|---|
| 020 | _a9780123869104 | ||
| 082 |
_a628 _bMON/PR |
||
| 100 |
_aMonteith,John L. _9960 |
||
| 100 |
_aUnsworth,U.A _9961 |
||
| 245 | _aPrinciples of Enviromental Physics: Plants,Animals, and the Atmosphere | ||
| 250 | _a4 th | ||
| 260 |
_aAmsterdam _bElsevier _c2013 |
||
| 300 | _a401 | ||
| 942 | _cBK | ||
| 999 |
_c14553 _d14553 |
||